| 000 | 01816nam a22002417a 4500 | ||
|---|---|---|---|
| 999 |
_c21822 _d21822 |
||
| 001 | 021637 | ||
| 003 | DO-CoUTE | ||
| 005 | 20260204212650.0 | ||
| 008 | 220808b dr ||||| |||| 00| 0 spa d | ||
| 020 | _a978-84-9113-429-9 | ||
| 040 |
_aDO-CoUTE _bspa _cDO-CoUTE |
||
| 082 |
_222 _a615.6 _bZ12a 2019 |
||
| 100 | 1 |
_aZabalegui Yárnoz, Adelaida _eautor |
|
| 245 | 1 |
_aAdministración de medicamentos y calculo de dosis / _cAdelaida Zabalegui Yárnoz |
|
| 250 | _atercera edición | ||
| 260 |
_aBarcelona, España : _bELSEVIER, _c2019 |
||
| 300 |
_a232 páginas : _bIlustraciones ; _c25cm. |
||
| 504 | _aIncluye referencias bibliográficas e índice | ||
| 520 | _aObra que mantiene el enfoque eminentemente práctico de las ediciones anteriores, con numerosos ejemplos de situaciones clínicas reales, y ofrece una visión única del complejo proceso de utilización de los medicamentos. Presenta una exhaustiva actualización de los contenidos, especialmente en lo relativo a la utilización de medicamentos biopeligrosos. Así mismo, incluye un enfoque amplio de los temas tratados, que aborda desde cálculos simples hasta situaciones complejas, lo que permite adquirir de forma progresiva las competencias propias de la administración de medicamentos. Contiene apéndices que constituyen guías de administración muy útiles en la práctica clínica, nuevos casos clínicos y preguntas de autoevaluación. Además de un vídeo demostrativo del funcionamientos de un Sistema Automático de Dispensación. De interés para estudiantes de Enfermería y otras titulaciones de Ciencias de la Salud, pero también será de gran utilidad para los profesionales sanitarios en ejercicio. | ||
| 650 |
_2LEMB _aAdministración y dosificación |
||
| 700 | 1 |
_aLombraña Mencia, María _eautor |
|
| 942 |
_2ddc _cBK |
||